000 00603nam a2200229Ia 4500
003 OSt
005 20220923230130.0
006 a|||||r|||| 00| 0
007 ta
008 Pun
024 _a277,638
037 _cTextual
040 _aARTS
_cARTS
_bPun
041 _2Pun
_aPun
082 _aO153,3NDAx, K5
100 _aਢਾਹ, ਜਗਤਾਰ ਸਿੰਘ
245 0 _aਨਿਰਮਲ ਬੂੰਦ
260 _c1965
650 _aਪੰਜਾਬੀ ਸਾਹਿਤ
942 _hO153,3NDAx, K5
_cTEXL
_2CC
999 _c382690
_d382690